<?xml version="1.0" encoding="UTF-8"?>
<record
    xmlns:xsi="http://www.w3.org/2001/XMLSchema-instance"
    xsi:schemaLocation="http://www.loc.gov/MARC21/slim http://www.loc.gov/standards/marcxml/schema/MARC21slim.xsd"
    xmlns="http://www.loc.gov/MARC21/slim">

  <leader>03514nam a22004097u 4500</leader>
  <controlfield tag="001">pwiiw4630</controlfield>
  <controlfield tag="003">OSt</controlfield>
  <controlfield tag="005">20260517120213.0</controlfield>
  <controlfield tag="008">181018t2018    au ||||| |||| 00| ||eng d</controlfield>
  <datafield tag="040" ind1=" " ind2=" ">
    <subfield code="c">OSt</subfield>
  </datafield>
  <datafield tag="041" ind1=" " ind2=" ">
    <subfield code="a">eng</subfield>
  </datafield>
  <datafield tag="084" ind1=" " ind2=" ">
    <subfield code="a">O18</subfield>
    <subfield code="a">R23</subfield>
    <subfield code="a">I23</subfield>
    <subfield code="a">J11</subfield>
    <subfield code="a">J31</subfield>
    <subfield code="a">O33</subfield>
    <subfield code="2">jelc</subfield>
  </datafield>
  <datafield tag="100" ind1="1" ind2=" ">
    <subfield code="a">Hanzl-Weiss, Doris</subfield>
  </datafield>
  <datafield tag="245" ind1="1" ind2="0">
    <subfield code="a">BRATISLAVA und Wien: Twin Cities mit gro&#xDF;em Entwicklungspotenzial</subfield>
  </datafield>
  <datafield tag="260" ind1=" " ind2=" ">
    <subfield code="a">Wien :</subfield>
    <subfield code="b">Wiener Institut f&#xFC;r Internationale Wirtschaftsvergleiche (wiiw),</subfield>
    <subfield code="c">2018.</subfield>
  </datafield>
  <datafield tag="300" ind1=" " ind2=" ">
    <subfield code="a">29 S., </subfield>
    <subfield code="b">2 Table and 18 Figures,</subfield>
    <subfield code="c">30cm.</subfield>
  </datafield>
  <datafield tag="490" ind1="1" ind2=" ">
    <subfield code="a">wiiw Policy Notes and Reports</subfield>
    <subfield code="v">25</subfield>
  </datafield>
  <datafield tag="520" ind1=" " ind2=" ">
    <subfield code="a">The English version can be found&#xA0;here.

Die Wirtschaften von Wien und Bratislava haben sich in den letzten Jahrzehnten sehr unterschiedlich entwickelt. Die Bev&#xF6;lkerung Wiens ist um etwa 20% angestiegen, jene von Bratislava hat dagegen stagniert. Nimmt man allerdings das BIP pro Kopf zu Kaufkraftparit&#xE4;ten als Ma&#xDF;, so hat das Durchschnittseinkommen in Bratislava jenes in Wien bereits &#xFC;berholt und liegt nun unter den Top-10 f&#xFC;hrenden Regionen in Europa. Massive Investitionen, besonders im Automobilsektor, haben dazu beigetragen, dass in Bratislava Vollbesch&#xE4;ftigung herrscht. Wien, eine der lebenswertesten St&#xE4;dte der Welt, zieht immer noch Zuwanderung an; die Arbeitsmarktsituation ist weniger g&#xFC;nstig. Die Transportinfrastruktur zwischen den beiden St&#xE4;dten hat sich nur in j&#xFC;ngster Zeit verbessert. Es gibt jedoch durchaus noch Potential zu einer erheblichen Reduktion der Reisezeit. Eine Zusammenarbeit auf regionaler Ebene besteht schon seit geraumer Zeit. Diese sollte aber verbessert werden, um gemeinsam k&#xFC;nftige Herausforderungen zu bew&#xE4;ltigen. Die bisherige Emigration, vorwiegend junger Personen, aus der Slowakei wird dort in den n&#xE4;chsten Jahrzehnten zu einer starken &#xDC;beralterung f&#xFC;hren; die Bev&#xF6;lkerung im arbeitsf&#xE4;higen Alter wird bis zum Ende des Jahrhunderts voraussichtlich um beinahe ein Drittel zur&#xFC;ckgehen; jene in &#xD6;sterreich wird voraussichtlich stagnieren. Ein echter gemeinsamer Arbeitsmarkt der beiden St&#xE4;dte k&#xF6;nnte daher f&#xFC;r beide vorteilhaft sein, die Arbeitskr&#xE4;fteknappheit in Bratislava senken und das Problem der Jugendarbeitslosigkeit in Wien reduzieren. Wirtschaftspolitische Empfehlungen gehen daher in die Richtung einer deutlichen Verbesserung des &#xF6;ffentlichen Transports; Entwicklung einer gemeinsamen Planung von Ausbildung und Pendlerunterst&#xFC;tzung, um zu einem Lohnausgleich beizutragen. Der Prozess der Digitalisierung und Robotisierung stellt eine zweite gro&#xDF;e Herausforderung dar. Politikempfehlungen dazu umfassen Kooperationsprojekte im Bereich Innovation; die Koordination einer innovationsorientierten &#xF6;ffentlichen Beschaffung und die Verbesserung der Transportinfrastruktur, die die Region mit dem Rest der Welt verbindet, um so f&#xFC;r die Zukunft von g&#xFC;nstigeren Skaleneffekten zu profitieren.
</subfield>
  </datafield>
  <datafield tag="650" ind1=" " ind2=" ">
    <subfield code="a">Bratislava</subfield>
  </datafield>
  <datafield tag="650" ind1=" " ind2=" ">
    <subfield code="a">Wien</subfield>
  </datafield>
  <datafield tag="650" ind1=" " ind2=" ">
    <subfield code="a">st&#xE4;dtische Entwicklung</subfield>
  </datafield>
  <datafield tag="650" ind1=" " ind2=" ">
    <subfield code="a">regionale Arbeitsm&#xE4;rkte</subfield>
  </datafield>
  <datafield tag="650" ind1=" " ind2=" ">
    <subfield code="a">Bildung</subfield>
  </datafield>
  <datafield tag="650" ind1=" " ind2=" ">
    <subfield code="a">F&amp;E</subfield>
  </datafield>
  <datafield tag="650" ind1=" " ind2=" ">
    <subfield code="a">demographische Trends</subfield>
  </datafield>
  <datafield tag="650" ind1=" " ind2=" ">
    <subfield code="a">Lohnunterschiede</subfield>
  </datafield>
  <datafield tag="650" ind1=" " ind2=" ">
    <subfield code="a">technologischer Wandel</subfield>
  </datafield>
  <datafield tag="651" ind1=" " ind2=" ">
    <subfield code="a">Austria</subfield>
  </datafield>
  <datafield tag="651" ind1=" " ind2=" ">
    <subfield code="a">Slovakia</subfield>
  </datafield>
  <datafield tag="690" ind1=" " ind2=" ">
    <subfield code="a">Labour, Migration and Income Distribution</subfield>
  </datafield>
  <datafield tag="690" ind1=" " ind2=" ">
    <subfield code="a">International Trade, Competitiveness and FDI</subfield>
  </datafield>
  <datafield tag="700" ind1="1" ind2=" ">
    <subfield code="a">Holzner, Mario</subfield>
  </datafield>
  <datafield tag="700" ind1="1" ind2=" ">
    <subfield code="a">R&#xF6;misch, Roman</subfield>
  </datafield>
  <datafield tag="830" ind1=" " ind2="0">
    <subfield code="v">25</subfield>
    <subfield code="w">WIIW0000092</subfield>
    <subfield code="t">wiiw Policy Notes and Reports</subfield>
  </datafield>
  <datafield tag="856" ind1="4" ind2="0">
    <subfield code="u">https://wiiw.ac.at/p-4630.html</subfield>
  </datafield>
  <datafield tag="942" ind1=" " ind2=" ">
    <subfield code="c">P</subfield>
  </datafield>
  <datafield tag="999" ind1=" " ind2=" ">
    <subfield code="c">8551</subfield>
    <subfield code="d">8551</subfield>
  </datafield>
  <datafield tag="952" ind1=" " ind2=" ">
    <subfield code="0">0</subfield>
    <subfield code="1">0</subfield>
    <subfield code="4">0</subfield>
    <subfield code="7">0</subfield>
    <subfield code="a">BIB</subfield>
    <subfield code="b">BIB</subfield>
    <subfield code="c">1</subfield>
    <subfield code="d">2018-10-18</subfield>
    <subfield code="i">pwiiw4630</subfield>
    <subfield code="l">0</subfield>
    <subfield code="o">/25</subfield>
    <subfield code="p">1000010004630</subfield>
    <subfield code="r">2018-10-18 00:00:00</subfield>
    <subfield code="w">2018-10-17</subfield>
    <subfield code="y">P</subfield>
  </datafield>
</record>
